Manual de Bombas: Diseño, aplicación, especificaciones, operación y mantenimiento /

Salvato in:
Dettagli Bibliografici
Autore principale: Karassik, Igor J. (autor)
Altri autori: Krutzsch, William C. (autor) (autor), Fraser, Warren H. (autor) (autor)
Natura: Libro
Lingua:spagnolo
Pubblicazione: México : McGraw-Hill, 1983
Soggetti:
Tags: Aggiungi Tag
Nessun Tag, puoi essere il primo ad aggiungerne!!

MARC

LEADER 00000nam^a2200000^a^4500
001 000018397
005 20250521000000.0
009 20260310084218.858
037 |a Acervo ITESO - Biblioteca 
041 |a ESP 
082 |a 621. 64  |b KAR 
100 |a Karassik, Igor J.  |e (autor) 
245 1 0 |a Manual de Bombas: Diseño, aplicación, especificaciones, operación y mantenimiento /  |c I. J. Karassik, W.C. Krutzsch, W.H. Fraser ; tr. por S. González Vidales 
264 1 |a México :  |b McGraw-Hill,  |c 1983 
300 |a 1176 p. 
336 |a texto  |b txt  |2 rdacontenido 
337 |a sin mediación  |b n  |2 rdamedio 
338 |a volumen  |b nc  |2 rdasoporte 
500 |a Traducción de: Pump Handbook 
649 |a XX 
650 |a Ingeniería Industrial 
700 |a Krutzsch, William C.  |e (autor) 
700 |a Fraser, Warren H.  |e (autor) 
910 |a Fondo General 
920 |a Impresos - Libros 
930 |a Obras de Referencia 
905 |a 102 
901 |a 0183970100  |b IT2  |c REF  |i 018397  |u 20250521 
902 |a https://opac.biblio.iteso.mx/vufind/Record/000018397